• AIU
  • Tony Wilmot Memorial Library

Declaration of a heretic / (Record no. 39063)

MARC details
000 -LEADER
fixed length control field 00801nam a22002771a 4500
001 - CONTROL NUMBER
control field 2421369
005 - DATE AND TIME OF LATEST TRANSACTION
control field 20110718132906.0
008 - FIXED-LENGTH DATA ELEMENTS--GENERAL INFORMATION
fixed length control field 850322s1985 mau b 00010 eng
020 ## - INTERNATIONAL STANDARD BOOK NUMBER
International Standard Book Number 0710207093
Terms of availability
-- 0.00
020 ## - INTERNATIONAL STANDARD BOOK NUMBER
International Standard Book Number 0710207093
Terms of availability
Field link and sequence number .00
035 ## - SYSTEM CONTROL NUMBER
System control number (OCoLC)ocm11917609
035 ## - SYSTEM CONTROL NUMBER
-- ADK-2355
035 ## - SYSTEM CONTROL NUMBER
System control number (ARUdb)20467
039 0# - LEVEL OF BIBLIOGRAPHIC CONTROL AND CODING DETAIL [OBSOLETE]
Level of rules in bibliographic description 2
Level of effort used to assign nonsubject heading access points 3
Level of effort used to assign subject headings 3
Level of effort used to assign classification 3
Number of fixed field character positions coded 3
040 ## - CATALOGING SOURCE
Original cataloging agency DLC
Transcribing agency DLC
Modifying agency UIU
-- ARUdb
050 0# - LIBRARY OF CONGRESS CALL NUMBER
Classification number TK 9153.R54 1985
Item number TK 9153.R54 1985
082 0# - DEWEY DECIMAL CLASSIFICATION NUMBER
Classification number 174/.95
Edition number 19
100 10 - MAIN ENTRY--PERSONAL NAME
Personal name Rifkin, Jeremy.
245 10 - TITLE STATEMENT
Title Declaration of a heretic /
Statement of responsibility, etc Jeremy Rifkin.
Medium [Text]
260 0# - PUBLICATION, DISTRIBUTION, ETC. (IMPRINT)
Place of publication, distribution, etc Boston
Name of publisher, distributor, etc Routledge & Kegan Paul
Date of publication, distribution, etc 1985
300 ## - PHYSICAL DESCRIPTION
Extent x, 140 p. ;
Dimensions 22 cm.
504 ## - BIBLIOGRAPHY, ETC. NOTE
Bibliography, etc Bibliography: p. 117-140.
650 #0 - SUBJECT ADDED ENTRY--TOPICAL TERM
Topical term or geographic name as entry element Nuclear energy.
650 #0 - SUBJECT ADDED ENTRY--TOPICAL TERM
Topical term or geographic name as entry element Genetic engineering.
650 #0 - SUBJECT ADDED ENTRY--TOPICAL TERM
Topical term or geographic name as entry element Science
General subdivision Social aspects.
Holdings
Withdrawn status Lost status Source of classification or shelving scheme Damaged status Not for loan Collection code Home library Current library Shelving location Date acquired Cost, normal purchase price Total Checkouts Full call number Barcode Date last seen Copy number Price effective from Koha item type
    Library of Congress Classification     General Circulation AIU/NEGST - Tony Wilmot Memorial Library AIU/NEGST - Tony Wilmot Memorial Library General Stacks 12/01/2009 25.00   TK 9153.R54 1985 R48629W3232 09/26/2019 1 12/01/2009 Books